LEADER 00993nam a2200241 i 4500 001 991000681819707536 008 100413s2009 it 00 ita d 020 $a8814150206 020 $a9788814150203 035 $ab13894808-39ule_inst 082 0 $a343.4504$222 100 1 $aLupi, Raffaello$0132980 245 10$aDiritto tributario :$boggetto economico e metodo giuridico nella teoria della tassazione analitico-aziendale /$cRaffaello Lupi 260 $aMilano :$bGiuffrè,$cc2009 300 $axi, 311 p. ;$c24 cm 650 4$aDiritto tributario 907 $a.b13894808$b02-04-14$c13-04-10 912 $a991000681819707536 945 $aLE025 ECO 343 LUP02.04$g1$i2025000233980$lle025$o-$pE28.00$q-$rl$s- $t0$u3$v0$w3$x0$y.i15129664$z18-05-10 945 $aLE027 343.04 LUP01.07$g1$i2027000303250$lle027$o-$pE28.00$q-$rl$s- $t0$u1$v0$w1$x0$y.i15167550$z13-09-10 996 $aDiritto tributario$937706 997 $aUNISALENTO 998 $ale025$ale027$b13-04-10$cm$da $e-$fita$git $h0$i0 LEADER 01974oas 22006973a 450 001 9910222212503321 005 20260218112204.0 011 $a2155-0778 035 $a(DE-599)ZDB2471062-3 035 $a(OCoLC)123574660 035 $a(CONSER) 2010201343 035 $a(CKB)1000000000290037 035 $a(DE-599)2567572-2 035 $a(DE-599)2471062-3 035 $a(EXLCZ)991000000000290037 100 $a20060123a20069999 sy a 101 0 $aeng 135 $aur|n||||||||| 181 $ctxt$2rdacontent 182 $cc$2rdamedia 183 $acr$2rdacarrier 200 10$aArboriculture & urban forestry 210 $aChampaign, IL $cInternational Society of Arboriculture 300 $aRefereed/Peer-reviewed 300 $a"Formerly the Journal of Arboriculture, 1975-2005 (Volumes 1-31)." 311 08$a1935-5297 517 1 $aArboriculture and urban forestry 531 0 $aArboric. urban for. 606 $aArboriculture$vPeriodicals 606 $aUrban forestry$vPeriodicals 606 $aTrees$vPeriodicals 606 $aTree planting$vPeriodicals 606 $aArboriculture$2fast$3(OCoLC)fst00812823 606 $aTree planting$2fast$3(OCoLC)fst01155955 606 $aTrees$2fast$3(OCoLC)fst01155984 606 $aUrban forestry$2fast$3(OCoLC)fst01162426 608 $aPeriodicals.$2fast 615 0$aArboriculture 615 0$aUrban forestry 615 0$aTrees 615 0$aTree planting 615 7$aArboriculture. 615 7$aTree planting. 615 7$aTrees. 615 7$aUrban forestry. 676 $a635 712 02$aInternational Society of Arboriculture 801 0$bMtBC 801 1$bCUD 801 2$bOCLCQ 801 2$bDLC 801 2$bJNA 801 2$bOCLCQ 801 2$bOCLCF 801 2$bOCLCQ 801 2$bUAB 801 2$bOCLCL 906 $aJOURNAL 912 $a9910222212503321 996 $aArboriculture & urban forestry$92037320 997 $aUNINA